[Event "Panamericano Sub 20 Femenino 2009"]
[Site "Montevideo URU"]
[Date "2009.10.11"]
[Round "9.4"]
[White "Gutierrez, Leonela"]
[Black "Segarra Choe, Tammy"]
[Result "0-1"]
[WhiteElo "1920"]
[BlackElo "1947"]
[PlyCount "120"]
[EventDate "2009.10.06"]
[EventType "tourn"]
[EventRounds "9"]
[EventCountry "URU"]
[Source "lmi"]
[SourceDate "2009.10.06"]

1. e4 d6 2. d4 Nf6 3. Nc3 g6 4. Bg5 Bg7 5. e5 dxe5 6. dxe5 Ng4 7. Qxd8+ Kxd8 8.
Rd1+ Bd7 9. Nd5 c6 10. Bxe7+ Ke8 11. Bf6 Bxf6 12. Nxf6+ Nxf6 13. exf6 Be6 14.
Nf3 Nd7 15. Nd4 Nxf6 16. Nxe6 fxe6 17. Bc4 Ke7 18. O-O Rad8 19. g3 Rxd1 20.
Rxd1 Nd5 21. Rd3 b6 22. a3 g5 23. Ba6 c5 24. Bc4 Rd8 25. h3 Rd6 26. Kg2 Nf6 27.
Re3 Nd7 28. Kf3 Kf6 29. Ke2 Ne5 30. Bd3 h6 31. b3 Nc6 32. c3 Ne5 33. Bc2 a5 34.
Re4 Nc6 35. f4 b5 36. Bd3 b4 37. axb4 axb4 38. fxg5+ hxg5 39. cxb4 Nd4+ 40. Ke3
Nf5+ 41. Kd2 cxb4 42. Rxb4 Nxg3 43. Rc4 e5 44. Ke3 Nf5+ 45. Bxf5 Kxf5 46. b4
Rh6 47. Rc8 Rxh3+ 48. Kf2 Rh2+ 49. Kg3 Rb2 50. Rf8+ Ke4 51. Rb8 Kd3 52. Kg4 e4
53. Kxg5 e3 54. Rd8+ Ke2 55. Rd4 Rd2 56. Re4 Kf2 57. Rf4+ Ke1 58. Kg4 e2 59. b5
Kd1 60. Re4 e1=Q 0-1

[Event "Panamericano Sub 20 Femenino 2009"]
[Site "Montevideo URU"]
[Date "2009.10.11"]
[Round "9.5"]
[White "Feliciano, Vanessa"]
[Black "Jorquera Cabello, Valentina"]
[Result "1-0"]
[WhiteElo "2163"]
[BlackElo "1997"]
[PlyCount "65"]
[EventDate "2009.10.06"]
[EventType "tourn"]
[EventRounds "9"]
[EventCountry "URU"]
[Source "lmi"]
[SourceDate "2009.10.06"]

1. e4 c5 2. Nf3 Nc6 3. Bb5 d6 4. d4 cxd4 5. Qxd4 Bd7 6. Bxc6 bxc6 7. c4 e5 8.
Qd3 f5 9. Bg5 Nf6 10. Nc3 Qc8 11. Bxf6 gxf6 12. Nh4 f4 13. Nf5 Bxf5 14. exf5
Qd7 15. Ne4 Be7 16. O-O O-O 17. Nc5 Qc8 18. Ne6 Kh8 19. Nxf8 Qxf8 20. Qe4 Rc8
21. Rfd1 Qg7 22. b4 Qg4 23. b5 cxb5 24. cxb5 Rg8 25. a4 Bd8 26. Rxd6 Bb6 27.
Rd3 Qh4 28. Rf1 Rc8 29. Rd2 Qg5 30. Ra2 Rg8 31. a5 Bd4 32. b6 axb6 33. a6 1-0

[Event "Panamericano Sub 20 Femenino 2009"]
[Site "Montevideo URU"]
[Date "2009.10.11"]
[Round "10.1"]
[White "Segarra Choe, Tammy"]
[Black "Feliciano, Vanessa"]
[Result "0-1"]
[WhiteElo "1947"]
[BlackElo "2163"]
[PlyCount "106"]
[EventDate "2009.10.06"]
[EventType "tourn"]
[EventRounds "9"]
[EventCountry "URU"]
[Source "lmi"]
[SourceDate "2009.10.06"]

1. d4 Nf6 2. c4 g6 3. Nc3 Bg7 4. e4 d6 5. f4 O-O 6. Nf3 Na6 7. Be2 e5 8. dxe5
dxe5 9. Qxd8 Rxd8 10. Nxe5 Nc5 11. O-O Nfxe4 12. Nxe4 Nxe4 13. Be3 f6 14. Nd3
Re8 15. Bf3 Nd6 16. Bc5 Bf8 17. b3 Bf5 18. Rfd1 Rad8 19. Nf2 b6 20. Bd4 Kf7 21.
Bc6 Re2 22. Kf1 Rc2 23. Bd5+ Be6 24. Bxe6+ Kxe6 25. Ng4 Ne4 26. Ne3 Rf2+ 27.
Kg1 c5 28. Bxf6 Rxd1+ 29. Nxd1 Rxf4 30. Bb2 Nd2 31. Ne3 Re4 32. Nd5 Bh6 33. Rd1
Re2 34. Bc1 Ke5 35. Kh1 Ne4 36. Kg1 Bxc1 37. Rxc1 Rxa2 38. Re1 Rc2 39. h3 b5
40. Ne3 Rb2 41. cxb5 Rxb3 42. Nc4+ Kd5 43. Rxe4 Rb4 44. Rh4 Rxc4 45. Rxh7 Rb4
46. Rxa7 Rxb5 47. Rc7 c4 48. Kf1 Kd4 49. Rf7 Kd3 50. Rf3+ Kd2 51. Rg3 g5 52.
Rg4 c3 53. Rc4 c2 0-1

[Event "Panamericano Sub 20 Femenino 2009"]
[Site "Montevideo URU"]
[Date "2009.10.11"]
[Round "10.2"]
[White "Heredia Serrano, Carla"]
[Black "Gutierrez, Leonela"]
[Result "0-1"]
[WhiteElo "2152"]
[BlackElo "1920"]
[PlyCount "88"]
[EventDate "2009.10.06"]
[EventType "tourn"]
[EventRounds "9"]
[EventCountry "URU"]
[Source "lmi"]
[SourceDate "2009.10.06"]

1. e4 c5 2. Nf3 d6 3. d4 cxd4 4. Nxd4 Nf6 5. Nc3 a6 6. g3 e6 7. Bg2 Qc7 8. O-O
Nbd7 9. a4 Rb8 10. Re1 Be7 11. f4 Nc5 12. Kh1 O-O 13. g4 Re8 14. g5 Nfd7 15. b4
Nb3 16. Nxb3 Qxc3 17. Bd2 Qc7 18. c4 b6 19. Rc1 Bb7 20. Bc3 Nf8 21. Qd2 Qd7 22.
a5 bxa5 23. Nc5 dxc5 24. Qb2 f6 25. gxf6 Bxf6 26. Bxf6 gxf6 27. Qxf6 Ng6 28.
bxc5 Rf8 29. Qc3 Rxf4 30. Rcd1 Qf7 31. Qxa5 Rf8 32. Qb6 Ne5 33. Rf1 Bxe4 34.
Rxf4 Bxg2+ 35. Kxg2 Qxf4 36. Qxe6+ Kh8 37. Qd5 Rg8+ 38. Kh1 Nf3 39. Qd6 Qg5 40.
Qg3 Qf6 41. Qd6 Qg5 42. Qg3 Qf5 43. Qf2 Qe4 44. h3 Nh4+ 0-1

[Event "Panamericano Sub 20 Femenino 2009"]
[Site "Montevideo URU"]
[Date "2009.10.11"]
[Round "10.3"]
[White "Amed, Stephanie"]
[Black "Herrera, Milena"]
[Result "1/2-1/2"]
[WhiteElo "2159"]
[BlackElo "2141"]
[PlyCount "57"]
[EventDate "2009.10.06"]
[EventType "tourn"]
[EventRounds "9"]
[EventCountry "URU"]
[Source "lmi"]
[SourceDate "2009.10.06"]

1. e4 c5 2. Nf3 e6 3. d4 cxd4 4. Nxd4 a6 5. Bd3 Nf6 6. O-O Qc7 7. Qe2 d6 8. c4
g6 9. Nc3 Bg7 10. Rd1 O-O 11. Nf3 Nbd7 12. Bf4 Nh5 13. Be3 b6 14. Rac1 Bb7 15.
Bb1 Rfd8 16. Bg5 Bf6 17. Bxf6 Nhxf6 18. Qd2 Ne5 19. Qf4 Kg7 20. b3 Rdc8 21. Nd4
Qe7 22. Qg3 Nh5 23. Qe3 Ng4 24. Qh3 Ne5 25. Qe3 Ng4 26. Qh3 Ne5 27. Qe3 Qh4 28.
f3 Qf4 29. Qxf4 1/2-1/2

[Event "Panamericano Sub 20 Femenino 2009"]
[Site "Montevideo URU"]
[Date "2009.10.11"]
[Round "10.4"]
[White "De Leon, Patricia"]
[Black "Romero Echeverria, Abigail"]
[Result "0-1"]
[WhiteElo "1741"]
[BlackElo "2064"]
[PlyCount "40"]
[EventDate "2009.10.06"]
[EventType "tourn"]
[EventRounds "9"]
[EventCountry "URU"]
[Source "lmi"]
[SourceDate "2009.10.06"]

1. d4 Nf6 2. c4 g6 3. f3 d5 4. cxd5 Nxd5 5. e4 Nb6 6. Nc3 Bg7 7. Be3 O-O 8. Qd2
e5 9. d5 c6 10. O-O-O cxd5 11. Nxd5 Nxd5 12. Qxd5 Qxd5 13. Rxd5 Be6 14. Rb5 Nc6
15. Ne2 Nd4 16. Nxd4 exd4 17. Bd2 Bxa2 18. Rxb7 Rfc8+ 19. Kd1 Bb1 20. Rb3 Bc2+
0-1

[Event "Panamericano Sub 20 Femenino 2009"]
[Site "Montevideo URU"]
[Date "2009.10.11"]
[Round "10.5"]
[White "Colombo, Camila"]
[Black "Cordero, Daniela"]
[Result "1/2-1/2"]
[WhiteElo "2129"]
[BlackElo "1984"]
[PlyCount "118"]
[EventDate "2009.10.06"]
[EventType "tourn"]
[EventRounds "9"]
[EventCountry "URU"]
[Source "lmi"]
[SourceDate "2009.10.06"]

1. d4 d5 2. c4 c6 3. Nc3 Nf6 4. Nf3 a6 5. c5 Nbd7 6. Bf4 g6 7. h3 Bg7 8. e3 O-O
9. Be2 Re8 10. O-O Nf8 11. b4 N6d7 12. a4 a5 13. Rb1 axb4 14. Na2 Qa5 15. Rxb4
e5 16. Bh2 Ne6 17. Qd2 e4 18. Ne1 b6 19. cxb6 Bf8 20. Rb2 Qxd2 21. Rxd2 Rxa4
22. f3 exf3 23. Nxf3 Bh6 24. Rb2 Bxe3+ 25. Kh1 Bb7 26. Nc3 Ra3 27. Nb1 Ra5 28.
Bg1 Bh6 29. Rd1 Rea8 30. Bf1 Ra2 31. Rb3 Bf4 32. Bh2 Bxh2 33. Kxh2 Ra1 34. h4
Rb8 35. h5 Ba8 36. hxg6 hxg6 37. Rd2 Rxb6 38. Rxb6 Nxb6 39. Rb2 Nd7 40. Nbd2 c5
41. Bb5 Nf6 42. dxc5 Nxc5 43. Nd4 Kg7 44. N2f3 Nce4 45. Ne5 Bb7 46. Be2 Ba6 47.
Bf3 Bc8 48. Rb8 Rc1 49. Rb6 g5 50. Rb4 g4 51. Bxe4 Nxe4 52. Ne2 Rc7 53. Nd3 Ba6
54. Ndf4 Nf6 55. Nd4 Bc8 56. Nde2 Be6 57. Nd4 Bc8 58. Nde2 Bf5 59. Nd4 Bc8
1/2-1/2

[Event "Panamericano Sub 20 Femenino 2009"]
[Site "Montevideo URU"]
[Date "2009.10.12"]
[Round "11.1"]
[White "Romero Echeverria, Abigail"]
[Black "Colombo, Camila"]
[Result "1-0"]
[WhiteElo "2064"]
[BlackElo "2129"]
[PlyCount "57"]
[EventDate "2009.10.06"]
[EventType "tourn"]
[EventRounds "9"]
[EventCountry "URU"]
[Source "lmi"]
[SourceDate "2009.10.06"]

1. e4 e6 2. d4 d5 3. e5 c5 4. c3 Nc6 5. Nf3 Qb6 6. Be2 Nh6 7. Bxh6 gxh6 8. Qd2
Bg7 9. O-O Bd7 10. Na3 a6 11. Nc2 O-O 12. b4 cxb4 13. cxb4 Ne7 14. a4 Ng6 15.
Rfb1 Qd8 16. b5 a5 17. Ra3 f6 18. exf6 Rxf6 19. Nce1 Bf8 20. Ra2 Nf4 21. Nd3
Be8 22. Nxf4 Bd6 23. Nd3 Bg6 24. Rc1 Bxd3 25. Qxd3 Kh8 26. Ne5 Qe7 27. Rac2
Rff8 28. Qe3 Qg7 29. Bh5 1-0

[Event "Panamericano Sub 20 Femenino 2009"]
[Site "Montevideo URU"]
[Date "2009.10.12"]
[Round "11.2"]
[White "Herrera, Milena"]
[Black "De Leon, Patricia"]
[Result "1/2-1/2"]
[WhiteElo "2141"]
[BlackElo "1741"]
[PlyCount "191"]
[EventDate "2009.10.06"]
[EventType "tourn"]
[EventRounds "9"]
[EventCountry "URU"]
[Source "lmi"]
[SourceDate "2009.10.06"]

1. e4 e6 2. d3 d5 3. Nd2 Nf6 4. Ngf3 b6 5. g3 Be7 6. Bg2 dxe4 7. dxe4 Ba6 8. c4
Bb7 9. Qc2 c5 10. O-O Nc6 11. e5 Nd7 12. Re1 Qc7 13. Qc3 Rd8 14. a3 O-O 15. Nf1
Ndb8 16. Bf4 Nd4 17. N1d2 Nbc6 18. Ne4 a6 19. h4 Nxf3+ 20. Qxf3 Nd4 21. Qg4
Bxe4 22. Bxe4 Rfe8 23. Rac1 Rd7 24. Rc3 Red8 25. Bh6 Bf8 26. Bg5 Be7 27. Kg2
Re8 28. Bf6 Bf8 29. Qh5 g6 30. Qg4 Nf5 31. h5 Rd4 32. Qe2 Bh6 33. Rc2 Rd7 34.
Qg4 Bg7 35. Rh1 Rd4 36. Qe2 Rd7 37. Qg4 Rd4 38. Qe2 Rd7 39. hxg6 fxg6 40. Bxf5
exf5 41. Bxg7 Kxg7 42. f4 Rd4 43. Rd1 Re4 44. Qd3 Rd4 45. Qf1 Qc6+ 46. Kf2 Red8
47. Rxd4 Rxd4 48. Qe1 Kf7 49. Rc3 h6 50. b3 g5 51. fxg5 hxg5 52. Rf3 Qd7 53.
Re3 Ke6 54. Re2 Qb7 55. Qc1 f4 56. g4 Rd3 57. Qc2 Qf3+ 58. Kg1 Qxg4+ 59. Rg2
Qd1+ 60. Qxd1 Rxd1+ 61. Kh2 Kxe5 62. Rxg5+ Ke4 63. Kg2 Rd2+ 64. Kg1 Rd3 65. Rh5
Rxb3 66. a4 Rb4 67. a5 bxa5 68. Rxc5 a4 69. Rc6 Kf3 70. c5 Rb1+ 71. Kh2 Rb2+
72. Kg1 Rb1+ 73. Kh2 Rc1 74. Rxa6 Rxc5 75. Rxa4 Re5 76. Kg1 Re1+ 77. Kh2 Re4
78. Ra3+ Kf2 79. Ra2+ Re2 80. Ra4 Kf1+ 81. Kh1 f3 82. Ra1+ Re1 83. Ra2 Re2 84.
Ra1+ Kf2 85. Kh2 Ke3+ 86. Kg1 Kf4 87. Ra8 Re1+ 88. Kf2 Re2+ 89. Kf1 Ke3 90.
Re8+ Kd2 91. Rd8+ Ke3 92. Re8+ Kd3 93. Rd8+ Kc4 94. Rf8 Re3 95. Kf2 Rb3 96.
Rxf3 1/2-1/2

[Event "Panamericano Sub 20 Femenino 2009"]
[Site "Montevideo URU"]
[Date "2009.10.12"]
[Round "11.3"]
[White "Gutierrez, Leonela"]
[Black "Amed, Stephanie"]
[Result "0-1"]
[WhiteElo "1920"]
[BlackElo "2152"]
[PlyCount "120"]
[EventDate "2009.10.06"]
[EventType "tourn"]
[EventRounds "9"]
[EventCountry "URU"]
[Source "lmi"]
[SourceDate "2009.10.06"]

1. e4 e6 2. d4 d5 3. Nc3 Bb4 4. e5 c5 5. Bd2 Nh6 6. f4 cxd4 7. Nb5 Bxd2+ 8.
Qxd2 O-O 9. Nxd4 Nc6 10. Ngf3 f6 11. O-O-O Bd7 12. h3 Nxd4 13. Qxd4 Nf5 14. Qf2
fxe5 15. Nxe5 Be8 16. Bd3 Nd6 17. g3 Qa5 18. Kb1 Rc8 19. Qe2 Bb5 20. Nf3 Rfe8
21. Ng5 g6 22. Bxb5 Qxb5 23. Qxb5 Nxb5 24. Rhe1 Nc7 25. Re3 h6 26. Nf3 Re7 27.
Nd4 Rce8 28. Rde1 Kf7 29. Rb3 Na6 30. Nb5 Rd8 31. Nxa7 Nc5 32. Rbe3 Ne4 33. Nb5
Ra8 34. a3 Ra4 35. Nc3 Nxc3+ 36. Rxc3 g5 37. fxg5 hxg5 38. Rf3+ Kg6 39. Ka2 Rc4
40. c3 e5 41. Rd3 Rc5 42. Red1 Rd7 43. b4 Rc4 44. Kb2 d4 45. cxd4 exd4 46. Rc1
Rxc1 47. Kxc1 Kf5 48. Kd2 Ke4 49. a4 Rf7 50. Rb3 Rf2+ 51. Ke1 Ra2 52. a5 d3 53.
Kf1 Ke3 54. Rc3 Rb2 55. Rc5 Rb1+ 56. Kg2 d2 57. Re5+ Kd4 58. Re7 d1=Q 59. Rd7+
Kc4 60. Rxd1 Rxd1 0-1

[Event "Panamericano Sub 20 Femenino 2009"]
[Site "Montevideo URU"]
[Date "2009.10.12"]
[Round "11.4"]
[White "Feliciano, Vanessa"]
[Black "Heredia Serrano, Carla"]
[Result "1/2-1/2"]
[WhiteElo "2163"]
[BlackElo "2152"]
[PlyCount "75"]
[EventDate "2009.10.06"]
[EventType "tourn"]
[EventRounds "9"]
[EventCountry "URU"]
[Source "lmi"]
[SourceDate "2009.10.06"]

1. e4 c6 2. d4 d5 3. exd5 cxd5 4. c4 Nf6 5. Nc3 Nc6 6. Bg5 Be6 7. Nf3 g6 8.
Bxf6 exf6 9. Qb3 Qe7 10. O-O-O Bh6+ 11. Kb1 Nb4 12. a3 Bf5+ 13. Ka1 Nc2+ 14.
Ka2 dxc4 15. Bxc4 a5 16. Qa4+ Kf8 17. Bd3 Nb4+ 18. axb4 axb4 19. Qxa8+ Kg7 20.
Qa7 bxc3 21. Bxf5 Qb4 22. b3 gxf5 23. Qa4 Qd6 24. Kb1 b5 25. Qxb5 Qa3 26. Kc2
Qb2+ 27. Kd3 c2 28. Qc4 cxd1=Q+ 29. Rxd1 Re8 30. Qc2 Qa3 31. Re1 Rb8 32. Rb1
Qa6+ 33. Qc4 Qa2 34. Qc2 Qa6+ 35. Qc4 Qa2 36. Qc2 Qa8 37. Qc7 Qa6+ 38. Qc4
1/2-1/2

[Event "Panamericano Sub 20 Femenino 2009"]
[Site "Montevideo URU"]
[Date "2009.10.12"]
[Round "11.5"]
[White "Jorquera Cabello, Valentina"]
[Black "Segarra Choe, Tammy"]
[Result "0-1"]
[WhiteElo "1997"]
[BlackElo "1947"]
[PlyCount "102"]
[EventDate "2009.10.06"]
[EventType "tourn"]
[EventRounds "9"]
[EventCountry "URU"]
[Source "lmi"]
[SourceDate "2009.10.06"]

1. e4 d6 2. d4 Nf6 3. Nc3 g6 4. f3 c6 5. Be3 b5 6. Qd2 Nbd7 7. Nge2 Bb7 8. h4
h5 9. Nf4 a6 10. Bd3 e5 11. Nh3 c5 12. d5 c4 13. Be2 Bg7 14. Nd1 Qc7 15. Ndf2
Rc8 16. c3 Nc5 17. g3 a5 18. Bxc5 Qxc5 19. f4 exf4 20. gxf4 Rc7 21. Ng5 O-O 22.
Rg1 Bh6 23. Bf3 b4 24. f5 Re7 25. O-O-O bxc3 26. bxc3 Qa3+ 27. Kb1 Rb8 28. Ka1
Bg7 29. Rc1 Bc8 30. fxg6 fxg6 31. Rc2 Reb7 32. Rgc1 Bd7 33. Nd1 Ba4 34. Rb2 Bb3
35. e5 Nd7 36. Ne4 Nxe5 37. Be2 Bxd1 38. Rxb7 Rxb7 39. Rxd1 Nd3 40. Bxd3 cxd3
41. Rb1 Rxb1+ 42. Kxb1 Qa4 43. Qxd3 Qd7 44. Qf1 Qb7+ 45. Kc2 Qxd5 46. Nf6+ Bxf6
47. Qxf6 Qxa2+ 48. Kd3 Qd5+ 49. Ke3 Qe5+ 50. Qxe5 dxe5 51. c4 Kf7 0-1